Manchester United Current Squad (24/25) - Statistics

General Stats
  • This quiz has been taken 22 times
    12 since last reset
  • The average score is 18 of 27
Answer Stats
Answer % Correct
André Onana
100%
Altay Bayındır
92%
Lisandro Martínez
92%
Harry Maguire
83%
Leny Yoro
83%
Matthijs de Ligt
83%
Tom Heaton
83%
Alejandro Garnacho
67%
Bruno Fernandes
67%
Casemiro
67%
Christian Eriksen
67%
Kobbie Mainoo
67%
Manuel Ugarte
67%
Mason Mount
67%
Noussair Mazraoui
67%
Victor Lindelöf
67%
Diogo Dalot
58%
Joshua Zirkzee
58%
Luke Shaw
58%
Rasmus Højlund
58%
Rúben Amorim
58%
Amad Diallo
50%
Ayden Heaven
50%
Patrick Dorgu
50%
Harry Amass
42%
Jonny Evans
42%
Toby Collyer
42%
No matching quizzes found
Score Distribution
Percent of People with Each Score
Percentile by Number Answered
Your Score History
You have not taken this quiz since the last reset